000 01212nam a2200301 a 4500
003 BLK
005 20250607104056.0
008 180409b bul|||||r ||||||| ||bul||
010 _aKNG00138652000
020 _a9786192460907
_q978-619-246-090-7
040 _aBLK
041 _aBUL
_cBUL
080 _aТехника на транспортните средства
_b629
_z629
139 _aПревозните средства, които промениха света
_bП 85
245 1 0 _aПревозните средства, които промениха света
_cтекст Степанка Секанинова, Том Велковски; ил. Мартин Содомка
260 _aСофия
_bРобертино
_c2023
_9402164
300 _a64 с.
_bс цв. ил.
_c27 см
380 _aDN
700 _9487931
_aСеканинова, Степанка
_gСеканинова, Щепанка
700 _9487932
_aВелковски, Том
700 _9487933
_aСодомка, Мартин, 1968-
852 _aЦб ІІ 32081
_bЦб
856 4 _qpdf
856 4 _qpdf
942 _cKNG
_n0
_018
944 _aCR
_k30551
_lБояна Костадинова
999 _c491761
_d491761
999 _d491761